[Event "Pinneberg-ch"]
[Site "Pinneberg"]
[Date "2011.09.22"]
[Round "6"]
[White "Remstedt, Matthias"]
[Black "Rakhmanov, Vsevolod"]
[Result "1/2-1/2"]
[WhiteElo "1542"]
[BlackElo "1694"]
[PlyCount "63"]
[EventDate "2011.08.18"]
[EventType "swiss"]
[EventRounds "7"]
[EventCountry "GER"]
[SourceTitle "CBM 144 Extra"]
[Source "ChessBase"]
[SourceDate "2011.10.28"]
[SourceVersion "1"]
[SourceVersionDate "2011.10.28"]
[SourceQuality "1"]

1. d4 d5 2. Nc3 Nf6 3. Bf4 c6 4. e3 Bf5 5. Bd3 Bxd3 6. cxd3 e6 7. Nf3 Nbd7 8. Ne5 Bb4 9. 0-0 Bxc3 10. bxc3 0-0 11. Rb1 Qc8 12. Re1 Nxe5 13. dxe5 Ne8 14. e4 f6 15. Qg4 f5 16. exf5 Rxf5 17. Re3 Qd7 18. d4 b5 19. Rg3 Qf7 20. Be3 Qh5 21. Qxh5 Rxh5 22. Rf3 Rf5 23. Rxf5 exf5 24. Bc1 Kf7 25. f4 Ke6 26. Ba3 a5 27. Rb2 Rb8 28. Bc5 a4 29. Kf2 Rb7 30. Kf3 g6 31. g4 Rf7 32. g5 1/2-1/2

[Event "Pinneberg op Seniors 12th"]
[Site "Pinneberg"]
[Date "2011.07.28"]
[Round "7"]
[White "Rakhmanov, Vsevolod"]
[Black "Zippert, Georg"]
[Result "0-1"]
[WhiteElo "1703"]
[BlackElo "1725"]
[PlyCount "47"]
[EventDate "2011.06.16"]
[EventType "swiss"]
[EventRounds "7"]
[EventCountry "GER"]
[SourceTitle "EXT 2012"]
[Source "ChessBase"]
[SourceDate "2011.11.24"]
[SourceVersion "1"]
[SourceVersionDate "2011.11.24"]
[SourceQuality "1"]

1. e4 e5 2. Nf3 Nc6 3. Bc4 Bc5 4. c3 d6 5. d4 exd4 6. cxd4 Bb4+ 7. Bd2 Bxd2+ 8. Nbxd2 Nf6 9. d5 Ne7 10. h3 0-0 11. Nd4 Ng6 12. 0-0 Re8 13. Qc2 a6 14. f4 Nh5 15. Ne2 Qh4 16. Nf3 Qe7 17. f5 Ne5 18. Nxe5 Qxe5 19. Bd3 Re7 20. Rae1 Nf6 21. Nc3 b5 22. b4 Qd4+ 23. Rf2 Qxb4 24. Ne2 0-1

[Event "Pinneberg op Seniors 12th"]
[Site "Pinneberg"]
[Date "2011.07.14"]
[Round "5"]
[White "Rakhmanov, Vsevolod"]
[Black "Zimmermann, Manfred"]
[Result "1-0"]
[WhiteElo "1703"]
[BlackElo "1560"]
[PlyCount "53"]
[EventDate "2011.06.16"]
[EventType "swiss"]
[EventRounds "7"]
[EventCountry "GER"]
[SourceTitle "EXT 2012"]
[Source "ChessBase"]
[SourceDate "2011.11.24"]
[SourceVersion "1"]
[SourceVersionDate "2011.11.24"]
[SourceQuality "1"]

1. d4 Nf6 2. Nf3 d5 3. c4 c6 4. g3 e6 5. Bg2 Bb4+ 6. Bd2 Bxd2+ 7. Nbxd2 Nbd7 8. 0-0 0-0 9. Qc2 Re8 10. e4 Nxe4 11. Nxe4 dxe4 12. Qxe4 Nf8 13. Rad1 Qe7 14. a3 f5 15. Qe2 Bd7 16. Ne5 Rad8 17. f4 Bc8 18. c5 Qf6 19. Qe3 h6 20. Nc4 Nd7 21. Nd6 Re7 22. Rfe1 Nf8 23. Bh3 Ng6 24. b4 Rc7 25. Nxc8 Rdxc8 26. Qxe6+ Qxe6 27. Rxe6 1-0

[Event "Pinneberg op Seniors 10th"]
[Site "Pinneberg"]
[Date "2009.07.02"]
[Round "2"]
[White "Rakhmanov, Vsevolod"]
[Black "Berking, Bernhard"]
[Result "1-0"]
[WhiteElo "1697"]
[BlackElo "1536"]
[PlyCount "59"]
[EventDate "2009.06.25"]
[EventType "swiss"]
[EventRounds "4"]
[EventCountry "GER"]
[SourceTitle "EXT 2011"]
[Source "ChessBase"]
[SourceDate "2010.11.26"]
[SourceVersion "1"]
[SourceVersionDate "2010.11.26"]
[SourceQuality "1"]

1. e4 c5 2. Nf3 d6 3. d4 cxd4 4. Nxd4 Nf6 5. Nc3 a6 6. Be2 e5 7. Nb3 Be7 8. g4 b5 9. g5 Nfd7 10. h4 Nb6 11. Be3 Bb7 12. Na5 Bc6 13. Nxc6 Nxc6 14. Nd5 Nxd5 15. Qxd5 Nb4 16. Qb3 Qa5 17. Bd2 Nxc2+ 18. Qxc2 Qd8 19. Qc6+ Kf8 20. Rc1 f6 21. gxf6 Bxf6 22. Bg4 h5 23. Qxa8 Qxa8 24. Rc8+ Qxc8 25. Bxc8 Ke7 26. Bxa6 Ra8 27. Bxb5 Rxa2 28. Bc1 g5 29. hxg5 Bxg5 30. Bxg5+ 1-0

[Event "Pinneberg op Seniors 09th"]
[Site "Pinneberg"]
[Date "2008.06.19"]
[Round "1"]
[White "Rakhmanov, Vsevolod"]
[Black "Dammann, Rudolf"]
[Result "1-0"]
[WhiteElo "1763"]
[BlackElo "1382"]
[PlyCount "69"]
[EventDate "2008.06.19"]
[EventType "swiss"]
[EventRounds "5"]
[EventCountry "GER"]
[SourceTitle "EXT 2011"]
[Source "ChessBase"]
[SourceDate "2010.11.26"]
[SourceVersion "1"]
[SourceVersionDate "2010.11.26"]
[SourceQuality "1"]

1. e4 e5 2. d4 Nf6 3. Bg5 Be7 4. Bxf6 Bxf6 5. d5 a6 6. Nd2 d6 7. Be2 Nd7 8. b4 c6 9. c4 b5 10. dxc6 Nb6 11. cxb5 axb5 12. Bxb5 0-0 13. Nc4 Nxc4 14. Bxc4 Qb6 15. b5 Be6 16. Qe2 Qd4 17. Rc1 d5 18. Bxd5 Bxd5 19. exd5 Qxd5 20. Nf3 Rxa2 21. Nd2 Rxd2 22. Qxd2 Qxg2 23. Ke2 e4 24. Rhg1 Qf3+ 25. Kf1 Qh3+ 26. Rg2 Rd8 27. Qe3 Qh5 28. Qe2 Qf5 29. c7 Rc8 30. b6 Qd5 31. Qc4 Qb7 32. Qc6 Qa6+ 33. Kg1 Bd4 34. b7 Qxc6 35. bxc8Q+ 1-0

[Event "Pinneberg-ch"]
[Site "Pinneberg"]
[Date "2007.09.20"]
[Round "4"]
[White "Rakhmanov, Vsevolod"]
[Black "Schermer, Denis"]
[Result "0-1"]
[WhiteElo "1742"]
[BlackElo "2101"]
[PlyCount "62"]
[EventDate "2007.08.30"]
[EventType "swiss"]
[EventRounds "7"]
[EventCountry "GER"]
[SourceTitle "CBM 120 Extra"]
[Source "ChessBase"]
[SourceDate "2007.11.01"]
[SourceVersion "1"]
[SourceVersionDate "2007.11.01"]
[SourceQuality "1"]

1. e4 c5 2. Nf3 Nc6 3. Bb5 g6 4. c3 Nf6 5. e5 Nd5 6. Bxc6 dxc6 7. 0-0 Bg7 8. d4 cxd4 9. cxd4 Bg4 10. h3 Bf5 11. Nh4 Be6 12. Nc3 Qb6 13. Ne4 Rd8 14. Nc5 Bc8 15. Qb3 0-0 16. Qxb6 axb6 17. Nb3 Nb4 18. Be3 Be6 19. Nf3 Nxa2 20. Nbd2 Ra8 21. d5 Bxd5 22. Bxb6 e6 23. Bc5 Rfc8 24. Rfe1 Ra5 25. Bb4 Ra6 26. Ba3 Rca8 27. Rab1 Ra4 28. Re3 Bh6 29. Ree1 Nb4 30. Bxb4 Rxb4 31. g3 Ra2 0-1

[Event "Pinneberg op Seniors 08th"]
[Site "Pinneberg"]
[Date "2007.06.28"]
[Round "2"]
[White "Keuneke, Hanno"]
[Black "Rakhmanov, Vsevolod"]
[Result "1-0"]
[WhiteElo "1685"]
[BlackElo "1799"]
[PlyCount "119"]
[EventDate "2007.06.21"]
[EventType "swiss"]
[EventRounds "5"]
[EventCountry "GER"]
[SourceTitle "EXT 2011"]
[Source "ChessBase"]
[SourceDate "2010.11.26"]
[SourceVersion "1"]
[SourceVersionDate "2010.11.26"]
[SourceQuality "1"]

1. e4 e6 2. d4 d5 3. Nc3 Bb4 4. e5 c5 5. a3 Ba5 6. b4 cxd4 7. Nb5 Bc7 8. f4 f6 9. Nf3 Nc6 10. Nbxd4 Nxd4 11. Qxd4 fxe5 12. Nxe5 Bxe5 13. Qxe5 Qf6 14. Bb2 Qxe5+ 15. Bxe5 Nf6 16. Bb5+ Bd7 17. Bxd7+ Nxd7 18. Bd4 Rg8 19. 0-0-0 b6 20. Rhe1 Kf7 21. Rd3 Rge8 22. Rde3 Rac8 23. f5 Nf8 24. Rf1 Kg8 25. f6 gxf6 26. Rxf6 Rc4 27. c3 Rec8 28. Kd2 Ng6 29. Rfxe6 Rf8 30. Re8 Rc8 31. Rxc8 Rxc8 32. Rg3 Rf8 33. h4 Rf5 34. Rg5 Rxg5 35. hxg5 Kf7 36. Ke3 Ke6 37. g4 Nf8 38. b5 Ng6 39. a4 Kd6 40. Kd3 Nf4+ 41. Ke3 Ne6 42. Kf3 Nxg5+ 43. Kf4 Ne4 44. Kf5 Ke7 45. Ke5 Nf6 46. g5 Ne4 47. Kxd5 Nxg5 48. Kc6 Ne6 49. Be5 Nd8+ 50. Kc7 Ne6+ 51. Kc6 Nc5 52. Bd6+ Ke6 53. Bxc5 bxc5 54. Kxc5 h5 55. Kd4 h4 56. Ke4 Kd6 57. c4 Kc7 58. c5 a6 59. c6 h3 60. Kf3 1-0